According to Netflix: Action Movies Quiz Stats

 Plays Quiz Updated Apr 12, 2016

Challenge
Share
Tweet
Embed
Score 0/35 Timer 08:00
0 Plays Today
% Correct
Batman
93.2%
The Hobbit: The Desolation of Smaug
91.7%
Top Gun
91.2%
Braveheart
90.7%
Crouching Tiger Hidden Dragon
89.8%
Escape from Alcatraz
89.1%
The Terminator
88.7%
Django Unchained
88.3%
Gladiator
88.1%
The Lone Ranger
87.8%
Rocky
87.4%
Black Hawk Down
87.2%
Inglourious Basterds
86.4%
Flight
86.2%
World War Z
86.2%
Zero Dark Thirty
85.4%
Kill Bill: Vol. 1
83.2%
Limitless
81.5%
% Correct
Underworld
80.4%
2012
79.6%
Léon: The Professional
78.5%
The Great Escape
78.4%
The Hunt for Red October
78.2%
The Hunger Games: Catching Fire
77.7%
Total Recall
76.1%
The Expendables
75%
The Fifth Element
74.4%
Star Trek Into Darkness
73.2%
Sin City
71.7%
Hot Fuzz
71%
Lock, Stock and Two Smoking Barrels
65.2%
Maverick
65.1%
Defiance
64.8%
The Running Man
64.7%
Snowpiercer
60.9%

You're not logged in!

Compare scores with friends on all Sporcle quizzes.
OR
Log In

You Might Also Like...

Show Comments

Extras

Top Quizzes Today


Score Distribution

Your Account Isn't Verified!

In order to create a playlist on Sporcle, you need to verify the email address you used during registration. Go to your Sporcle Settings to finish the process.

Report this User

Report this user for behavior that violates our Community Guidelines.

Details: